Les signes du zodiaque chinois - Statistiques

Statistiques générales
  • Ce quiz a été pris 317 fois
  • Le résultat moyen est 9 sur 12
Statistiques - réponses
Réponse % Correct
Dragon
94%
Chien
92%
Rat
88%
Cochon
86%
Serpent
81%
Chèvre
76%
Tigre
76%
Singe
75%
Cheval
74%
Coq
70%
Lièvre
69%
Buffle
48%
Aucun quiz correspondant
Distribution des résultats
% des personnes avec chaque résultat
Percentile par nombre de réponses
Votre historique - résultats
Vous n’avez pas pris ce quiz